| 000 | 00600na a2200217 4500 | ||
|---|---|---|---|
| 001 | 23636 | ||
| 003 | MIRAKIL | ||
| 005 | 20181213155314.0 | ||
| 008 | 180109b tu 000 0 | ||
| 040 |
_aMilas _btur _cTR-AnCHP |
||
| 041 | _atur | ||
| 082 |
_a320.9561 _bT96t 2009 |
||
| 090 | _a320.9561 T96t 2009 | ||
| 100 | _aTürkmen, İlter | ||
| 245 |
_aTürkiye'nin bugünü ve yarını _cİlter Türkmen |
||
| 260 |
_aİstanbul _bBİLGESAM Yayınları _c2009 |
||
| 300 |
_a31 s. _c23 sm. |
||
| 440 |
_aBİLGESAM Yayınları _v3 |
||
| 650 |
_aSiyaset ve yönetim _xTürkiye |
||
| 942 |
_2dcc _cBKS |
||
| 999 |
_c10297 _d10297 |
||